La economía Latinoamericana y del Caribe en 1989

Gardado en:
Detalles Bibliográficos
Autor Corporativo: CEPAL (Author)
Formato: Libro
Idioma:Lingua castelá
Publicado: Santiago Fondo de Cultura Económica 1990
Series:Sección de Obras de Economía Latinoamericana
Subjects:
Tags: Engadir etiqueta
Sen Etiquetas, Sexa o primeiro en etiquetar este rexistro!

MARC

LEADER 00000nam a2200000 a 4500
001 UCS4576
003 CL-VaPUC
008 970808e19900000CL |||||||||||||||||spa|d
082 0 4 |a 330.98  |b CEP  |2 21 
110 2 |a CEPAL  |e author  |9 390461 
245 1 3 |a La economía Latinoamericana y del Caribe en 1989 
300 |a 66 p 
942 |c BK 
945 |d 19970808 00:00:00  |a rleighto 
260 |a Santiago  |b Fondo de Cultura Económica  |c 1990 
650 7 |a ECONOMIA Y PRODUCCION  |2 CL-VaPUC  |9 390462 
650 0 |a Relaciones Internacionales  |9 255740 
650 7 |a COMERCIO INTERNACIONAL  |2 CL-VaPUC  |9 390463 
650 0 |a Empleo  |9 339124 
650 0 |a Inflación   |9 257218 
650 0 |a Salarios  |9 255321 
650 7 |a ECONOMIA SIGLO 20  |2 CL-VaPUC  |9 326951 
583 |a last modification  |c 20160912 11:29:57  |k Rodrigo Vera 
490 0 |a Sección de Obras de Economía Latinoamericana 
999 |c 261547  |d 261545 
952 |0 0  |1 0  |4 0  |6 330_980000000000000_CEP_1990  |7 0  |8 A  |9 289099  |a BIBHIS  |b BIBHIS  |d 2019-11-19  |i 3339602  |o 330.98 CEP 1990  |p 3339602  |r 2025-01-20  |w 2019-11-19  |y BK  |k HIS